<?xml version="1.0" encoding="UTF-8"?>
<record
    xmlns:xsi="http://www.w3.org/2001/XMLSchema-instance"
    xsi:schemaLocation="http://www.loc.gov/MARC21/slim http://www.loc.gov/standards/marcxml/schema/MARC21slim.xsd"
    xmlns="http://www.loc.gov/MARC21/slim">

  <leader>02110cam a2200325 a 4500</leader>
  <controlfield tag="005">20161115111005.0</controlfield>
  <controlfield tag="008">910503d19902003dcuar        f0    0eng c</controlfield>
  <datafield tag="040" ind1=" " ind2=" ">
    <subfield code="a">ICU</subfield>
    <subfield code="c">ICU</subfield>
    <subfield code="d">MCM</subfield>
    <subfield code="d">OCoLC</subfield>
    <subfield code="d">GU</subfield>
    <subfield code="d">MiU</subfield>
    <subfield code="d">OCoLC</subfield>
    <subfield code="d">DNASA</subfield>
    <subfield code="d">OCoLC</subfield>
    <subfield code="d">InU</subfield>
    <subfield code="d">NN</subfield>
    <subfield code="d">OCoLC</subfield>
    <subfield code="d">MCM</subfield>
    <subfield code="d">DLC</subfield>
    <subfield code="d">AMAZN</subfield>
    <subfield code="d">OCoLC</subfield>
    <subfield code="d">WaU</subfield>
    <subfield code="d">OCoLC</subfield>
    <subfield code="d">CO-BoIAVH</subfield>
  </datafield>
  <datafield tag="041" ind1="0" ind2=" ">
    <subfield code="a">eng</subfield>
  </datafield>
  <datafield tag="044" ind1=" " ind2=" ">
    <subfield code="a">xxu</subfield>
  </datafield>
  <datafield tag="082" ind1="0" ind2="4">
    <subfield code="a">551</subfield>
    <subfield code="b">C45p</subfield>
  </datafield>
  <datafield tag="110" ind1="2" ind2=" ">
    <subfield code="a">U.S. Global Change Research Program</subfield>
  </datafield>
  <datafield tag="245" ind1="1" ind2="0">
    <subfield code="a">Our changing planet :</subfield>
    <subfield code="b">the FY 1997 /</subfield>
    <subfield code="c">the U.S. Global Change Research Program ; a report by the Committee on Earth Sciences.</subfield>
  </datafield>
  <datafield tag="260" ind1=" " ind2=" ">
    <subfield code="a">[Washington, D.C.] :</subfield>
    <subfield code="b">Office of Science and Technology Policy, Federal Coordinating Council on Science, Engineering, and Technology, Committee on Earth Sciences,</subfield>
    <subfield code="c">1997.</subfield>
  </datafield>
  <datafield tag="300" ind1=" " ind2=" ">
    <subfield code="a">167 p&#xE1;ginas :</subfield>
    <subfield code="b">ilustraciones a color ; </subfield>
    <subfield code="c">23 x 15 cm.</subfield>
  </datafield>
  <datafield tag="500" ind1=" " ind2=" ">
    <subfield code="a">Un suplemento al presupuesto del a&#xF1;o fiscal 1997 del Presidente.</subfield>
  </datafield>
  <datafield tag="550" ind1=" " ind2=" ">
    <subfield code="a">Issued by: Committee on Earth and Environmental Sciences, 1991-1994; Subcommittee on Global Change Research, Committee on Environment and Natural Resources Research of the National Science and Technology Council, 1995-2003.</subfield>
  </datafield>
  <datafield tag="610" ind1="2" ind2="0">
    <subfield code="a">U.S. Global Change Research Program</subfield>
    <subfield code="v">Peri&#xF3;dicas</subfield>
  </datafield>
  <datafield tag="650" ind1="2" ind2="6">
    <subfield code="a">Cambio clim&#xE1;tico</subfield>
    <subfield code="x">Investigaci&#xF3;n</subfield>
    <subfield code="z">Estados Unidos</subfield>
    <subfield code="v">Peri&#xF3;dicas</subfield>
  </datafield>
  <datafield tag="650" ind1="2" ind2="6">
    <subfield code="a">Pol&#xED;tica ambiental</subfield>
    <subfield code="z">Estados Unidos</subfield>
    <subfield code="v">Peri&#xF3;dicas</subfield>
  </datafield>
  <datafield tag="650" ind1="2" ind2="6">
    <subfield code="a">Cambio clim&#xE1;tico</subfield>
  </datafield>
  <datafield tag="650" ind1="2" ind2="6">
    <subfield code="a">Ciencias de la tierra</subfield>
  </datafield>
  <datafield tag="650" ind1="2" ind2="6">
    <subfield code="a">Calentamiento global</subfield>
  </datafield>
  <datafield tag="710" ind1="2" ind2=" ">
    <subfield code="a">Federal Coordinating Council for Science, Engineering, and Technology</subfield>
    <subfield code="b">Committee on Earth Sciences.</subfield>
  </datafield>
  <datafield tag="710" ind1="2" ind2=" ">
    <subfield code="a">Federal Coordinating Council for Science, Engineering, and Technology</subfield>
    <subfield code="b">Committee on Earth and Environmental Sciences.</subfield>
  </datafield>
  <datafield tag="710" ind1="2" ind2=" ">
    <subfield code="a">National Science and Technology Council (U.S.).</subfield>
    <subfield code="b">Subcommittee on Global Change Research.</subfield>
  </datafield>
  <datafield tag="776" ind1="0" ind2="8">
    <subfield code="i">Online version:</subfield>
    <subfield code="a">U.S. Global Change Research Program.</subfield>
    <subfield code="t">Our changing planet</subfield>
    <subfield code="w">(DLC)  2004231772</subfield>
    <subfield code="w">(OCoLC)48758247</subfield>
  </datafield>
  <datafield tag="785" ind1="0" ind2="0">
    <subfield code="a">Climate Change Science Program (U.S.).</subfield>
    <subfield code="t">Our changing planet</subfield>
    <subfield code="w">(DLC)  2010210204</subfield>
    <subfield code="w">(OCoLC)56612671</subfield>
  </datafield>
  <datafield tag="942" ind1=" " ind2=" ">
    <subfield code="2">ddc</subfield>
    <subfield code="c">LIBRO</subfield>
  </datafield>
  <datafield tag="999" ind1=" " ind2=" ">
    <subfield code="c">1172</subfield>
    <subfield code="d">1172</subfield>
  </datafield>
  <datafield tag="952" ind1=" " ind2=" ">
    <subfield code="0">0</subfield>
    <subfield code="1">0</subfield>
    <subfield code="2">ddc</subfield>
    <subfield code="4">0</subfield>
    <subfield code="7">0</subfield>
    <subfield code="8">GENERAL</subfield>
    <subfield code="I">INV2017</subfield>
    <subfield code="a">Venado</subfield>
    <subfield code="b">Venado</subfield>
    <subfield code="d">1999-04-18</subfield>
    <subfield code="e">Instituto</subfield>
    <subfield code="g">39000.00</subfield>
    <subfield code="l">0</subfield>
    <subfield code="o">LB-551 C45p</subfield>
    <subfield code="p">001597</subfield>
    <subfield code="r">2012-12-04 00:00:00</subfield>
    <subfield code="t">Ej. 1</subfield>
    <subfield code="w">2012-12-04</subfield>
    <subfield code="x">Donacion</subfield>
    <subfield code="y">LIBRO</subfield>
  </datafield>
</record>
